| 000 | 00830nam0a22002531 4500 | ||
|---|---|---|---|
| 001 | RU\NLR\A1SV\43792 | ||
| 005 | 20251203171251.9 | ||
| 035 | _a(NLR Aleph) 009725978 | ||
| 090 |
_a9890996 _c9890996 |
||
| 100 | _a20020819d1924 u y0rusy50 ca | ||
| 101 | 0 | _arus | |
| 102 | _aRU | ||
| 200 | 1 |
_aЭволюция понятия уменьшенной вменяемости _fА.Жижиленко |
|
| 210 |
_a[М. _d1924] |
||
| 215 |
_aС.37-46 _d26 см |
||
| 311 | _aОтт. из журн.: Право и жизнь. 1924. № 5/6 | ||
| 700 | 1 |
_4070 _7ca _8rus _aЖижиленко _bА. А. _f1873- _gАлександр Александрович _9208013 _3RU\NLR\AUTH\770208066 |
|
| 801 | 0 |
_aRU _bNLR _c20020819 |
|
| 852 |
_aNLR _j17.152.7.310 |
||
| 899 | _aСПбГУ | ||
| 942 | _cBOOK | ||
| 980 | _aNB | ||
| 980 | _aA1SV | ||